Регионална библиотека "Любен Каравелов" - Русе

Дъждът не може тайно да вали (Запис номер 89184)

MARC детайли
000 -Лидер
Контролно поле с фиксирана дължина 01444nam a2200385 c 4500
003 - Код на организацията, давaща контролен номер
Контролно поле BLK
005 - Дата и час на последна редакция
Контролно поле 20241105152151.0
008 - Елементи от данни с фиксирана дължина
fixed length control field 180408b bul|||||r ||||||| ||bul||
010 ## - Наследен системен номер
LC control number KNG00093879000
020 ## - Международен стандартен номер на книга ISBN
Международен стандартен номер на книга ISBN 978-954-09-0425-2
040 ## - Източник на каталожния запис
Идентификатор на билиотеката - собственик на записа BLK
041 ## - Код за език
Код за езика на текст/звукозапис или на отделно заглавие Български
Код за езика КДБФ Български
072 #7 - Код за тематичната категория
Код организация bullib
Код за тематична категория К
Текст Краезнание
072 #7 - Код за тематичната категория
Код организация bullib
Код за тематична категория РА
Текст Русенски автори
080 ## - УДК
Текстов определител УДК Българска литература
УДК код - определител по УДК 821.163.2
УДК определител -1(081.2)
УДК - код + определител 821.163.2-1(081.2)
100 ## - Редна дума - Автор
Автор Коларова, Анита Димитрова
Дати, свързани с автора 1940-2023
Автор - информация (биография) Авторка на поезия. Учител и библиотекар
R(LIN) 258004
139 ## - Редно поле
Редна дума Коларова, Анита Димитрова
Авторски знак Кок - К 77
245 10 - Сведения за заглавието
Заглавие Дъждът не може тайно да вали
Подзаглавни данни Избрани стихотворения
Редно поле (дума) Анита Димитрова Коларова.
257 ## - Страна на издаване
Страна на създаване/издаване България
260 ## - Област на издателските данни
Име на издателя, разпространителя и проч. Захарий Стоянов
Година на издаване 2009
Печатница Ямбол : Светлина
300 ## - Физическа характеристика
Страници 144 с.
Размери/Мащаб 20 см
380 ## - Жанр
Жанр Худож. лит.
490 1# - СЕРИИ (Колекции)
Име на серия Съвременна българска поезия
500 ## - Общи забележки
Забележка Офс. изд.
653 ## - Ключова дума – ненормативна
Ключова дума стихотворения
659 ## - Тематичен бюлетин
Тематичен бюлетин К
852 ## - Местоположение
Форматна сигнатура Цб 246814
852 ## - Местоположение
Форматна сигнатура К 821.163.2/К 77
856 4# - Електронен адрес и достъп
Електронен формат pdf - файл
856 4# - Електронен адрес и достъп
Електронен формат pdf - файл
999 ## - СИСТЕМНИ КОНТРОЛНИ НОМЕРА
Koha biblionumber 89184
Koha biblioitemnumber 89184
942 ## - АРТИКУЛИ
Вид на библиотечния материал Книги
Скрит в OPAC Не
Koha issues (borrowed), all copies 5
Периодичен библиозапис Да
944 ## - СЪЗДАВАНЕ И РЕДАКЦИЯ на ЗАПИСА
Създаване/Редакция Създаване
Дата на регистрацията/редакция 27.01.2010
Статус, дата на статуса Виолета Тройчева
Служител, извършил регистрацията/редакцията 30552
944 ## - СЪЗДАВАНЕ И РЕДАКЦИЯ на ЗАПИСА
Създаване/Редакция Редакция
Дата на регистрацията/редакция 17.10.2011
Статус, дата на статуса ф /
999 ## - СИСТЕМНИ КОНТРОЛНИ НОМЕРА
Koha biblioitemnumber 89184
Наличности
Код за отписване Код за изгубен артикул Код за повреда Коз за рестрикции Код за отдаване Артикулен № Име на библиотеката - собственик Име на библиотеката, в която се намира в момента Статус (Текущо местоположение) Дата на вписване в системата Местоположение - отдел Цена в лева Инвентарен номер Систематично азбучна сигнатура Баркод Номер на екземпляра Цена в евро Служебна бележка Служебен тип на артикула Източник на класификационната схема Номерация (Хронология)
Изтеглен Не е изгубен Не е повреден без рестрикции заемане за дома 144412 Регионална библиотека "Любен Каравелов" Русе Регионална библиотека "Любен Каравелов" Русе Заемна - подръчен фонд 2010-01-28 Заемна - подръчен фонд 9.00 120000741575 П 886.7-1/К 77 120000741575 1 4.60 Дост: DA Вид: А N: 4 Дата: 28.01.2010 Дата инв: 14.02.2018 Бележки инв: П2018 Книги    
  Не е изгубен Не е повреден без рестрикции заемане за дома 144413 Регионална библиотека "Любен Каравелов" Русе Регионална библиотека "Любен Каравелов" Русе Заемна - подръчен фонд 2010-01-28 Заемна - подръчен фонд 9.00 120000741576 П 886.7-1/К 77 120000741576 2 4.60 Дост: DA Вид: А N: 4 Дата: 28.01.2010 Дата инв: 14.02.2018 Бележки инв: П2018 Книги    
Изтеглен Не е изгубен Не е повреден без рестрикции заемане за дома 144414 Регионална библиотека "Любен Каравелов" Русе Регионална библиотека "Любен Каравелов" Русе Заемна - подръчен фонд 2010-01-28 Заемна - подръчен фонд 9.00 120000741577 П 886.7-1/К 77 120000741577 3 4.60 Дост: DA Вид: А N: 4 Дата: 28.01.2010 Дата инв: 14.02.2018 Бележки инв: П2018 Книги    
  Не е изгубен Не е повреден без рестрикции заемане за дома 144415 Регионална библиотека "Любен Каравелов" Русе Регионална библиотека "Любен Каравелов" Русе Заемна - подръчен фонд 2010-01-28 Заемна - подръчен фонд 9.00 120000741578 П 886.7-1/К 77 120000741578 4 4.60 Дост: DA Вид: А N: 4 Дата: 28.01.2010 Дата инв: 14.02.2018 Бележки инв: П2018 Книги    
  Не е изгубен Не е повреден без рестрикции ползва се в читалня 144416 Регионална библиотека "Любен Каравелов" Русе Регионална библиотека "Любен Каравелов" Русе Краезнание 2010-01-28 Краезнание 9.00 120000741579 К 821.163.2/К 77 A 120000741579 5 4.60 Дост: DA Вид: А N: 4 Дата: 28.01.2010 Дата инв: 14.11.2017 Бележки инв: К2017 Книги Universal Decimal Classification  
  Не е изгубен Не е повреден без рестрикции ползва се в читалня 144417 Регионална библиотека "Любен Каравелов" Русе Регионална библиотека "Любен Каравелов" Русе Краезнание 2010-05-28 Краезнание 9.00 120000744690 К 821.163.2/К 77 120000744690 6 4.60 Дост: DA Вид: А N: 16 Дата: 28.05.2010 Дата инв: 07.11.2017 Бележки инв: К2017 Книги Universal Decimal Classification Автограф: Анита Коларова
  Не е изгубен Не е повреден без рестрикции ползва се в читалня 144418 Регионална библиотека "Любен Каравелов" Русе Регионална библиотека "Любен Каравелов" Русе Хранилище 2010-12-14 Хранилище 9.00 120000748189 Цб 246814 120000748189 7 4.60 Дост: Dp Вид: Д N: 16 Дата: 14.04.2010 Книги    
  Не е изгубен Не е повреден   ползва се в читалня 732929 Регионална библиотека "Любен Каравелов" Русе Регионална библиотека "Любен Каравелов" Русе Хранилище 2019-08-23 Хранилище 9.00   Цб 296477 120000835711   4.60   Книги Universal Decimal Classification  
Vip Innovations Ltd, Rousse, Bulgaria 2025